Talleres americanos

Gespeichert in:
Bibliographische Detailangaben
1. Verfasser: Maurois, André (autor)
Format: Buch
Sprache:Spanisch
Veröffentlicht: Santiago Ercilla 1933
Schlagworte:
Tags: Tag hinzufügen
Keine Tags, Fügen Sie den ersten Tag hinzu!

MARC

LEADER 00000nam a2200000 a 4500
001 UCP9350
003 CL-VaPUC
008 000324e19330000CL |||||||||||||||||spa|d
082 0 4 |a Ch863  |b MAU  |2 21 
100 |a Maurois, André  |e autor  |9 342508 
245 1 0 |a Talleres americanos 
300 |a 90 p 
942 |c BK 
945 |d 20000324 00:00:00  |a crobeson 
260 |a Santiago  |b Ercilla  |c 1933 
650 0 |a Crónicas chilenas  |9 321511 
650 0 |a Literatura chilena   |9 308278 
583 |a last modification  |c 20000324 00:00:00  |k Rodrigo Vera 
999 |c 286173  |d 286171 
952 |0 0  |1 0  |4 0  |6 CH_863_000000000000000_MAU_1933  |7 0  |8 X  |9 331657  |a BIBHIS  |b BIBHIS  |d 2019-11-20  |i 1391941  |o Ch863 MAU 1933  |p 1391941  |r 2024-01-30  |w 2019-11-20  |y BK_X  |k HIS